The shadow of the object : Psychoanalysis of the unthought k (Record no. 10469)
[ view plain ]
| 000 -LEADER | |
|---|---|
| fixed length control field | 00478nam a2200181Ia 4500 |
| 001 - CONTROL NUMBER | |
| control field | 9306 |
| 008 - FIXED-LENGTH DATA ELEMENTS--GENERAL INFORMATION | |
| fixed length control field | 140326s9999 xx 000 0 und d |
| 020 ## - INTERNATIONAL STANDARD BOOK NUMBER | |
| International Standard Book Number | 0-946960-60-7 |
| 040 ## - CATALOGING SOURCE | |
| Transcribing agency | PK-LaUMT |
| 082 ## - DEWEY DECIMAL CLASSIFICATION NUMBER | |
| Classification number | 616.8917 |
| Item number | BOL-S |
| 100 ## - MAIN ENTRY--PERSONAL NAME | |
| Personal name | Bollas, Christopher |
| 245 #4 - TITLE STATEMENT | |
| Title | The shadow of the object : Psychoanalysis of the unthought k |
| Statement of responsibility, etc | Bollas, Christopher |
| 260 ## - PUBLICATION, DISTRIBUTION, ETC. (IMPRINT) | |
| Date of publication, distribution, etc | 1987 |
| 300 ## - PHYSICAL DESCRIPTION | |
| Extent | 283 p. |
| 546 ## - LANGUAGE NOTE | |
| Language note | EN |
| 650 ## - SUBJECT ADDED ENTRY--TOPICAL TERM | |
| Topical term or geographic name as entry element | Object relations(Psychoanalysis) |
| 942 ## - ADDED ENTRY ELEMENTS (KOHA) | |
| Koha item type | Books |
| Withdrawn status | Lost status | Damaged status | Not for loan | Home library | Current library | Date acquired | Total Checkouts | Full call number | Barcode | Date last seen | Price effective from | Koha item type |
|---|---|---|---|---|---|---|---|---|---|---|---|---|
| UMT Main Campus | UMT Main Campus | 2014-03-26 | 616.8917 BOL-S | 11916 | 2014-03-26 | 2014-03-26 | Books |
